| 000 | 00379nam a2200145Ia 4500 | ||
|---|---|---|---|
| 008 | 231129s1996||||xx |||||||||||||| ||spa|| | ||
| 020 | _a958-614489-5 | ||
| 040 | _bspa | ||
| 082 | _aCo863.44 R795m | ||
| 100 | _aRosero Evelio José | ||
| 245 | 0 | _aLas muertes de fiesta: Novela | |
| 260 | _c1996 | ||
| 264 | _aPlaneta | ||
| 942 |
_2ddc _cBKS |
||
| 999 |
_c18856 _d18856 |
||